Lataa...
SAHITYACHARITHRAM PRASTHANANGALILOOTE
| Muut tekijät: | |
|---|---|
| Aineistotyyppi: | Printed Book |
| Julkaistu: |
Kottayam
SAHITYA PRAVARTHAKA CO-OPERATIVE SOCIETY LTD.
2000
|
| Aiheet: |
| LEADER | 00536nam a2200169 4500 | ||
|---|---|---|---|
| 020 | |||
| 082 | |a 894.812 09 GEO | ||
| 100 | |||
| 245 | |a SAHITYACHARITHRAM PRASTHANANGALILOOTE |h Malayalam | ||
| 250 | |||
| 260 | |a Kottayam |b SAHITYA PRAVARTHAKA CO-OPERATIVE SOCIETY LTD. |c 2000 | ||
| 300 | |a 738 p |f PB | ||
| 650 | |a SAHITYACHARITHRAM PRASTHANANGALILOOTE | ||
| 700 | |a GEORGE,K.M. | ||
| 942 | |c TB | ||
| 999 | |c 154460 |d 154460 | ||
| 952 | |0 0 |1 0 |4 0 |6 894_812000000000000_09_GEO |7 0 |9 167917 |a ORI |b ORI |l 0 |o 894.812 09 GEO |p ORI2851/M |r 2019-10-25 |w 2019-10-25 |y TB | ||